Logo brands - Restaurants - Statistics

General Stats
  • This quiz has been taken 234 times
  • The average score is 13 of 16
Answer Stats
Picture Answer % Correct
Burger king
98%
Mcdonald's
96%
Starbucks
96%
Domino's Pizza
95%
Taco bell
95%
KFC
94%
Subway
94%
Dunkin Donuts
92%
Pizza Hut
92%
Wendy's
92%
Chick fil a
83%
In n out
76%
Sonic
68%
Dairy queen
60%
Panera
54%
Jack in the box
48%
No matching quizzes found
Score Distribution
Percent of People with Each Score
Percentile by Number Answered
Your Score History
You have not taken this quiz